000 01854nam0a2200361 4500
001 RU\NLR\bibl\487172
005 20250623194256.0
010 _a5-900265-28-5
_9300
021 _aRU
_b2004-7812
_9397
035 _a(NLR Aleph) 000479871
090 _a1046853
_c1046853
100 _a20040205d2003 |||y0rusy50 ca
101 0 _arus
102 _aRU
105 _ay |||||||||
200 1 _aГосударственная власть и самоуправление: взаимоотношения и проблемы
_eМатериалы заседания круглого стола 27 окт. 2003 г.
_f[Великая Н.Н., Галкина Е.В., Емельянова Е.А. и др.]
_gРос. гуманитар. науч. фонд
_g[Редкол.: Судавцов Н.Д. (гл. ред.), Зозуля И.В.]
210 _aСтаврополь
_cПресса
_d2003
215 _a125 с.
_d20
300 _aАвт. указаны на с. 122
320 _aБиблиогр. в конце ст.
606 0 _aОрганы местного самоуправления
_jСъезды, совещания и т.п.
_xВзаимоотношения с органами государственной власти
_yРоссийская Федерация
_92214199
_3RU\NLR\auth\661329968
606 0 _aМестное самоуправление
_jСъезды, совещания и т.п.
_yРоссийская Федерация
_92077686
_3RU\NLR\auth\661253368
686 _aХ621.011.2я431
701 1 _aВеликая
_bН. Н.
_4070
701 1 _aГалкина
_bЕ. В.
_4070
701 1 _aЕмельянова
_bЕ. А.
_4070
801 0 _aRU
_bNLR
_c20040205
_gPSBO
801 1 _aRU
_bNLR
_c20040205
942 _cBOOK
980 _aNB
980 _aNBR